Southville International School and Colleges
Your cart is empty.
  • Cart
  • Lists
    Public lists Eva Luna New books Lux_list list_1
    Your lists Log in to create your own lists
  • Log in to your account
  • Your cookies
  • Search history
Southville International School and Colleges
  • Advanced search
  • Recent comments
  • Most popular
  • Libraries

Log in to your account

Log in with GOOGLE


If you do not have an external account, but do have a local account, you can still log in:

  1. Home
  2. MARC view: Accounting.
Normal view MARC view ISBD view

Accounting. (Record no. 14221)

[ view plain ]
MARC details
000 -LEADER
fixed length control field 00708nam a2200229 a 4500
003 - CONTROL NUMBER IDENTIFIER
control field PILC
005 - DATE AND TIME OF LATEST TRANSACTION
control field 20150112093427.0
008 - FIXED-LENGTH DATA ELEMENTS--GENERAL INFORMATION
fixed length control field 100719s19uu xx 00 eng d
020 ## - INTERNATIONAL STANDARD BOOK NUMBER
International Standard Book Number 0978981265506
050 ## - LIBRARY OF CONGRESS CALL NUMBER
Classification number HF 5635
Item number .W286 2005
082 ## - DEWEY DECIMAL CLASSIFICATION NUMBER
Classification number ASF 657.21
Item number W25 2005
100 ## - MAIN ENTRY--PERSONAL NAME
Personal name Warren, Carl S.
9 (RLIN) 3430
245 ## - TITLE STATEMENT
Title Accounting.
Statement of responsibility, etc Warren, Carl S.; Reeve, James M.; Fess, Philip E.
250 ## - EDITION STATEMENT
Edition statement 21st. ed.
260 ## - PUBLICATION, DISTRIBUTION, ETC. (IMPRINT)
Place of publication, distribution, etc Singapore :
Name of publisher, distributor, etc Thomson Learning Asia,
Date of publication, distribution, etc 2005.
300 ## - PHYSICAL DESCRIPTION
Extent 479 pages :
Other physical details illustration ;
Dimensions 26 cm.
500 ## - GENERAL NOTE
General note Includes bibliographical references and index.
650 ## - SUBJECT ADDED ENTRY--TOPICAL TERM
Topical term or geographic name as entry element Accounting
9 (RLIN) 1134
700 ## - ADDED ENTRY--PERSONAL NAME
Personal name Reeve, James M.
9 (RLIN) 3431
700 ## - ADDED ENTRY--PERSONAL NAME
Personal name Fess, Philip E.
9 (RLIN) 3432
942 ## - ADDED ENTRY ELEMENTS (KOHA)
Source of classification or shelving scheme Library of Congress Classification
Koha item type Books
Holdings
Withdrawn status Lost status Source of classification or shelving scheme Damaged status Home library Current library Shelving location Date acquired Source of acquisition Total Checkouts Full call number Barcode Date last seen Copy number Price effective from Koha item type Public note Sub Shelving location
Withdrawn   Library of Congress Classification   Southville International School Affiliated with Foreign Universities Library Southville International School Affiliated with Foreign Universities Library Southville Foreign University Section 07/24/2013 Donation   HF 5635 .W286 2005 SFU0693 05/15/2018 1 07/24/2013 Books Books donated  
    Library of Congress Classification   Southville International School Affiliated with Foreign Universities Library Southville International School Affiliated with Foreign Universities Library Southville Foreign University Section 06/26/2020 Donation   HF 5635 .W286 2005 SFU2649 06/26/2020   06/26/2020 Books    

Accounting.

APA

Warren C. S., Reeve J. M. & Fess P. E. (2005). Accounting. Singapore: Thomson Learning Asia.

Chicago

Warren Carl S, Reeve James M and Fess Philip E. 2005. Accounting. Singapore: Thomson Learning Asia.

Harvard

Warren C. S., Reeve J. M. and Fess P. E. (2005). Accounting. Singapore: Thomson Learning Asia.

MLA

Warren Carl S, Reeve James M and Fess Philip E. Accounting. Singapore: Thomson Learning Asia. 2005.

  • Place hold
  • Print
  • Cite
  • Add to your cart (remove)
  • Save record
    BIBTEX Dublin Core MARCXML MARC (non-Unicode/MARC-8) MARC (Unicode/UTF-8) MARC (Unicode/UTF-8, Standard) MODS (XML) RIS
  • More searches
    Search for this title in:
    Other Libraries (WorldCat) Other Databases (Google Scholar) Online Stores (Bookfinder.com) Open Library (openlibrary.org)

Exporting to Dublin Core...

SOUTHVILLE LIBRARY

Southville International School and Colleges Library

1281 Tropical Ave. Cor. Luxembourg St., BF Homes International, Las Pinas City

Tel. No. 8256374 / 252358 Loc. 117/146

Powered by Koha